000 00645nam a2200217 a 4500
001 000034180
005 20200930070838.0
008 110926s2004 es 000 0 spa d
020 _a8474324769
040 _aDO-SdBNP
_bspa
_cBNPHU
100 1 _aWhite, Michael, 1959-
_959605
240 1 0 _aSelected papers
_linglés
245 1 0 _aGuías para una terapia familiar sistémica /
_cMichael White.
260 _aBarcelona :
_bEditorial Gedisa,
_c2004.
300 _a236 p. ;
_c23 cm.
490 1 _aTerapia familiar
504 _aBibliografía : p. 236
500 _aSegunada reimpresión
830 0 _aTerapia familiar
_911032
049 _aBNPD
999 _c33671
_d33671